000 00423nam a2200181Ia 4500
001 19397
005 20260306172650.0
008 260306t2001||||xx |||||||||||||| ||spa||
041 _aESP
082 _a659.1
_bP84
100 _aPatt Gaballi, Pedro
_eAUT
245 0 _a505 verdades publicitarias
260 _c2001
300 _a212 páginas :
_c22 cm.
650 _aGEN
654 _aCAN
942 _cLIB
_dJUS
_fJUS
_2ddc
_n
999 _c19397
_d19397